000 00704 a2200205 4500
020 _c2068.00
035 _aB-28064
037 _bRP-BLI-58 / NCP-01-02:1 / RP-01-02:ENG
082 1 4 _a617
090 _c3146
_d3146
245 1 _aBaily & Love's short practice of surgery
_cedited by R.C.G. Russell, Norman S. Williams, Christopher J.K. Bulstrode
250 _a23th ed.
260 _aLondon
_bArnold
_c2000
300 _ax, 1348 p
_b Photos (B&W, Col.)
_c28 cm (pbk)
700 _aRussell, R.C.G.
700 _aWilliams, Norman S.
700 _aBulstrode, Christopher J.K.
942 _adpl
_cEN
_k617 / BAI
999 _c3084
_d3084